El universo elegante : supercuerdas, dimensiones ocultas y la búsqueda de una teoría final /

-д хадгалсан:
Номзүйн дэлгэрэнгүй
Үндсэн зохиолч: Greene, Brian (autor)
Формат: Ном
Хэл сонгох:испани
Хэвлэсэн: Barcelona, España : Bogotá, Colombia : Crítica ; Planeta, 2001, c2001
Цуврал:(Drakontos)
Нөхцлүүд:
Шошгууд: Шошго нэмэх
Шошго байхгүй, Энэхүү баримтыг шошголох эхний хүн болох!

MARC

LEADER 00000nam^a2200000^a^4500
001 000152708
005 20250521000000.0
009 20260310100255.271
020 |a 84-8432-264-5 
020 |a 958-42-0248-0 
037 |a Acervo ITESO - Biblioteca 
041 |a ESP 
082 |a 530. 1  |b GRE 
100 |a Greene, Brian  |e (autor) 
245 1 3 |a El universo elegante :  |b supercuerdas, dimensiones ocultas y la búsqueda de una teoría final /  |c B. Greene ; tr. por Mercedes García Garmilla. 
264 4 |a Barcelona, España :  |b Crítica ;  |a Bogotá, Colombia :  |b Planeta,  |c 2001, c2001 
300 |a 478 p. 
336 |a texto  |b txt  |2 rdacontenido 
337 |a sin mediación  |b n  |2 rdamedio 
338 |a volumen  |b nc  |2 rdasoporte 
440 1 |a (Drakontos) 
500 |a Traducción de: The Elegant Universe 
649 |a XX 
650 |a Teoría de Supercuerdas -  |x Tema Principal 
650 |a Materia 
650 |a Gravitación 
650 |a Relatividad (Física) 
650 |a Teorías del Campo Unificado 
650 |a Cosmología 
650 |a Física -  |x Teoría 
650 |a Astrofísica 
600 |a Mecánica Cuántica 
910 |a Fondo General 
920 |a Impresos - Libros 
930 |a Colección General 
905 |a 101 
901 |a 0500081973  |b IT1  |c ACC  |u 20250521 
902 |a https://opac.biblio.iteso.mx/vufind/Record/000152708